000
00250nam a2200109Ia 4500
008
220204s9999 xx 000 0 und d
082
_a
82-3
_b
JAK
100
_a
Jakes, John
245
0
_a
North and south
260
_a
New York
_b
Dell
_c
1982
942
_c
BK
999
_c
37849
_d
37849